Seasonal jump in demand but headline prices static (Record no. 113324)
[ view plain ]
| 000 -LEADER | |
|---|---|
| fixed length control field | 01478cad a22002055a 4500 |
| 001 - CONTROL NUMBER | |
| control field | L155105 |
| 008 - FIXED-LENGTH DATA ELEMENTS--GENERAL INFORMATION | |
| fixed length control field | 120301e20120227xxk f 000 0 eng d |
| 035 ## - SYSTEM CONTROL NUMBER | |
| System control number | (Sirsi) u155105 |
| 041 0# - LANGUAGE CODE | |
| Language code of text/sound track or separate title | eng |
| 100 1# - MAIN ENTRY--PERSONAL NAME | |
| Personal name | Donnell, Richard |
| 245 00 - TITLE STATEMENT | |
| Title | Seasonal jump in demand but headline prices static |
| Medium | [electronic resource] |
| 260 ## - PUBLICATION, DISTRIBUTION, ETC. | |
| Date of publication, distribution, etc. | 2011 |
| 490 #0 - SERIES STATEMENT | |
| Series statement | Hometrack Monthly National Housing Survey |
| Volume/sequential designation | 27 February 2012 |
| 520 ## - SUMMARY, ETC. | |
| Summary, etc. | February 2012 saw a marked improvement in housing market conditions off the back of a robust seasonal upturn in demand. The number of buyers registering with agents grew by 18%, the strongest level of demand seen since the start of the downturn and higher than the 15% increase in potential buyers recorded in February 2009. Activity levels were boosted by first time buyers looking to beat the stamp duty holiday which ends on 24 March.The stock of housing for sale grew by 10%. Howeber,with investors and first time buyers not having property to sell, the growth in demand over the month out-paced the increase in supply across nearly all regions. A scarcity of supply remains a key feature of the market. Overall pricing levels remain unchanged. |
| 590 ## - LOCAL NOTE (RLIN) | |
| Local note | KA |
| 651 #4 - SUBJECT ADDED ENTRY--GEOGRAPHIC NAME | |
| Geographic name | United Kingdom |
| Chronological subdivision | |
| 690 ## - LOCAL SUBJECT ADDED ENTRY--TOPICAL TERM (OCLC, RLIN) | |
| Topical term or geographic name as entry element | Residential property |
| 9 (RLIN) | 6266 |
| 856 40 - ELECTRONIC LOCATION AND ACCESS | |
| Uniform Resource Identifier | <a href="https://www.hometrack.co.uk/our-insight/monthly-national-house-price-survey/seasonal-jump-in-demand-but-headline-prices-static">https://www.hometrack.co.uk/our-insight/monthly-national-house-price-survey/seasonal-jump-in-demand-but-headline-prices-static</a> |
| Public note | View this item free of charge at www.hometrack.co.uk |
| 942 ## - ADDED ENTRY ELEMENTS (KOHA) | |
| Suppress in OPAC | 0 |
| Withdrawn status | Lost status | Source of classification or shelving scheme | Damaged status | Not for loan | Home library | Current library | Shelving location | Date acquired | Total Checkouts | Full call number | Barcode | Date last seen | Copy number | Price effective from | Koha item type |
|---|---|---|---|---|---|---|---|---|---|---|---|---|---|---|---|
| Dewey Decimal Classification | Virtual | Virtual | Books | 01/03/2012 | ONLINE PUBLICATION | 155105-2001 | 06/08/2019 | 1 | 06/08/2019 | Book |